000 00671cam a2200217 a 4500
001 3575218
005 20250203190348.0
008 990205s1999 enka b 001 0 eng
020 _a0631213201 (alk. paper)
020 _a063121321X (pbk. : alk. paper)
050 0 0 _aBD21
_b.T35 1999
082 0 0 _a100
_221
100 1 _aTeichman, Jenny.
245 1 0 _aPhilosophy :
_ba beginner's guide /
_cJenny Teichman & Katherine C. Evans.
250 _a3rd ed.
260 _aOxford, UK ;
_aMalden, Mass. :
_bBlackwell Publishers,
_c1999.
300 _aix, 274 p. :
_bill. ;
_c24 cm.
650 0 _aPhilosophy
_vIntroductions.
700 1 _aEvans, Katherine C.
942 _2lcc
_cBK
_n0
999 _c3402
_d3402